[Event "Moscow blitz 71st"]
[Site "Moscow"]
[Date "2017.09.03"]
[Round "5"]
[White "Vavulin, Maksim"]
[Black "Korotylev, Alexey"]
[Result "1/2-1/2"]
[WhiteElo "2575"]
[BlackElo "2573"]
[PlyCount "73"]
[EventDate "2017.09.03"]
[EventType "tourn (blitz)"]
[EventRounds "19"]
[EventCountry "RUS"]
[EventCategory "12"]
[SourceTitle "CBM 180 Extra"]
[Source "ChessBase"]
[SourceDate "2017.10.06"]
[SourceVersion "1"]
[SourceVersionDate "2017.10.06"]
[SourceQuality "1"]

1. e4 e5 2. Nf3 Nc6 3. Bb5 a6 4. Ba4 Nf6 5. d3 d6 6. c3 Bd7 7. 0-0 g6 8. Re1 Bg7 9. Nbd2 0-0 10. Nf1 h6 11. Ng3 Re8 12. h3 b5 13. Bc2 d5 14. Be3 Be6 15. Qd2 Kh7 16. d4 exd4 17. Nxd4 Nxd4 18. Bxd4 Nxe4 19. Nxe4 Bxd4 20. Qxd4 dxe4 21. Qxe4 Qf6 22. Qc6 Rad8 23. Rad1 Kg7 24. Qxa6 Ra8 25. Qc6 Bxa2 26. Qc5 Bc4 27. Qxc7 Rxe1+ 28. Rxe1 Ra2 29. Rb1 Qe6 30. Qc5 Qe2 31. Qd4+ Kg8 32. Be4 Rxb2 33. Rxb2 Qxb2 34. Qd8+ Kg7 35. Qd4+ Kg8 36. Qd8+ Kg7 37. Qd4+ 1/2-1/2

[Event "Moscow-ch blitz 67th"]
[Site "Moscow"]
[Date "2013.09.01"]
[Round "9"]
[White "Korotylev, Alexey"]
[Black "Grischuk, Alexander"]
[Result "0-1"]
[WhiteElo "2573"]
[BlackElo "2785"]
[PlyCount "130"]
[EventDate "2013.09.01"]
[EventType "tourn (blitz)"]
[EventRounds "19"]
[EventCountry "RUS"]
[EventCategory "15"]
[SourceTitle "CBM 156 Extra"]
[Source "ChessBase"]
[SourceDate "2013.10.22"]
[SourceVersion "1"]
[SourceVersionDate "2013.10.22"]
[SourceQuality "1"]

1. Nf3 Nf6 2. c4 g6 3. Nc3 Bg7 4. e4 d6 5. d4 0-0 6. Be2 e5 7. 0-0 Nc6 8. d5 Ne7 9. Nd2 Ne8 10. b4 f5 11. c5 Nf6 12. f3 f4 13. Nc4 g5 14. Ba3 Ng6 15. b5 Ne8 16. Bb4 Rf7 17. a4 Bf8 18. c6 b6 19. a5 bxa5 20. Rxa5 h5 21. h3 Rg7 22. Kf2 g4 23. Ke1 Nh4 24. hxg4 Nxg2+ 25. Kd2 hxg4 26. fxg4 Qg5 27. Kc2 Nf6 28. Bf3 Nh4 29. Be2 Bxg4 30. Rg1 Bxe2 31. Nxe2 Qh5 32. Rxg7+ Bxg7 33. Nd2 Ng4 34. Qg1 f3 35. Ng3 Qg6 36. Kb3 f2 37. Qf1 Bh6 38. Qe2 Rf8 39. Ndf1 Nf3 40. Bc3 Be3 41. Nf5 Rxf5 42. exf5 Qxf5 43. Kb2 Bd4 44. Bxd4 Nxd4 45. Qd2 Qf3 46. Ra3 Qxd5 47. Qg5+ Kf7 48. Qxg4 Qxb5+ 49. Ka2 Qc4+ 50. Kb2 Qc2+ 51. Ka1 Qc1+ 52. Ka2 Qc2+ 53. Ka1 Qc1+ 54. Ka2 Qc4+ 55. Kb2 Qb5+ 56. Kc3 Qxf1 57. Qh5+ Kf6 58. Qh6+ Kf5 59. Qh5+ Ke4 60. Qg6+ Kf4 61. Qh6+ Kg4 62. Qg6+ Kf4 63. Qh6+ Ke4 64. Qg6+ Kd5 65. Qf7+ Kc5 0-1

[Event "Moscow-ch blitz 67th"]
[Site "Moscow"]
[Date "2013.09.01"]
[Round "14"]
[White "Popov, Ivan1111"]
[Black "Korotylev, Alexey"]
[Result "1-0"]
[WhiteElo "2656"]
[BlackElo "2573"]
[PlyCount "67"]
[EventDate "2013.09.01"]
[EventType "tourn (blitz)"]
[EventRounds "19"]
[EventCountry "RUS"]
[EventCategory "15"]
[SourceTitle "CBM 156 Extra"]
[Source "ChessBase"]
[SourceDate "2013.10.22"]
[SourceVersion "1"]
[SourceVersionDate "2013.10.22"]
[SourceQuality "1"]

1. e4 d6 2. d4 g6 3. Nc3 Bg7 4. f4 Nf6 5. Bd3 Na6 6. Nf3 c5 7. d5 Nc7 8. a4 b6 9. 0-0 a6 10. Re1 0-0 11. h3 Rb8 12. Qe2 Qd7 13. Qf2 b5 14. axb5 axb5 15. Ra7 Bb7 16. b3 b4 17. Na4 Nb5 18. Ra5 Ba8 19. Bb2 Nc7 20. Nd2 e6 21. dxe6 Nxe6 22. Nc4 Bc6 23. e5 Nh5 24. f5 Nef4 25. Be4 d5 26. Nxc5 Qc7 27. Na6 Qd8 28. Nxb8 Qxb8 29. Bf3 dxc4 30. Bxc6 Qc7 31. Rc5 c3 32. Bc1 g5 33. Bf3 Qb6 34. Bxh5 1-0

[Event "Moscow-ch"]
[Site "Moscow"]
[Date "2012.03.17"]
[Round "8"]
[White "Ulko, Jaroslav"]
[Black "Korotylev, Alexey"]
[Result "0-1"]
[WhiteElo "2472"]
[BlackElo "2574"]
[PlyCount "58"]
[EventDate "2012.03.10"]
[EventType "swiss"]
[EventRounds "9"]
[EventCountry "RUS"]
[SourceTitle "CBM 147 Extra"]
[Source "ChessBase"]
[SourceDate "2012.04.24"]
[SourceVersion "1"]
[SourceVersionDate "2012.04.24"]
[SourceQuality "1"]

1. d4 Nf6 2. Nf3 e6 3. e3 b6 4. Bd3 Bb7 5. 0-0 d5 6. b3 Bd6 7. Bb2 0-0 8. c4 Nbd7 9. Nc3 a6 10. Rc1 Qe7 11. Qe2 c5 12. cxd5 exd5 13. Rfd1 g6 14. Qf1 Rfd8 15. Ne2 Qe8 16. Ng3 Bf8 17. Ne2 Bg7 18. Nf4 Qe7 19. Be2 Ne4 20. Rc2 Ndf6 21. Ne5 cxd4 22. Bxd4 Nxf2 23. Rdc1 N2e4 24. Rc7 Nd7 25. Nexg6 hxg6 26. Rxb7 Bxd4 27. exd4 Qf6 28. Kh1 Qxd4 29. Rd1 Nf2+ 0-1

[Event "Moscow-ch"]
[Site "Moscow"]
[Date "2012.03.16"]
[Round "7"]
[White "Korotylev, Alexey"]
[Black "Balashov, Yuri S"]
[Result "1-0"]
[WhiteElo "2574"]
[BlackElo "2449"]
[PlyCount "103"]
[EventDate "2012.03.10"]
[EventType "swiss"]
[EventRounds "9"]
[EventCountry "RUS"]
[SourceTitle "CBM 147 Extra"]
[Source "ChessBase"]
[SourceDate "2012.04.24"]
[SourceVersion "1"]
[SourceVersionDate "2012.04.24"]
[SourceQuality "1"]

1. d4 Nf6 2. c4 e6 3. Nf3 b6 4. Nc3 Bb7 5. a3 d5 6. cxd5 exd5 7. g3 Be7 8. Bg2 0-0 9. 0-0 c5 10. Bf4 Na6 11. Rc1 Re8 12. Qc2 h6 13. Rfd1 Qc8 14. dxc5 bxc5 15. e3 Qe6 16. Qb3 Qb6 17. Qxb6 axb6 18. g4 Rad8 19. h3 Bd6 20. Bxd6 Rxd6 21. Nd2 Rde6 22. Nf1 Nc7 23. Ng3 Bc6 24. Rd2 g6 25. Nge2 Ne4 26. Nxe4 dxe4 27. Nf4 Rf6 28. b4 cxb4 29. axb4 Na6 30. Rd4 b5 31. h4 Nb8 32. Ne2 Bd7 33. g5 hxg5 34. hxg5 Rf5 35. Ng3 Rxg5 36. Nxe4 Rxe4 37. Rxe4 Bc6 38. Rd4 Rxg2+ 39. Kf1 Kg7 40. Rd8 Rh2 41. Ke2 Rh8 42. Rxb8 Rxb8 43. Rxc6 f5 44. f4 Kh6 45. Kf3 Kh5 46. Rc5 Rb6 47. e4 Kh6 48. exf5 gxf5 49. Rxf5 Kg6 50. Ke4 Rb8 51. Re5 Kf6 52. Kd4 1-0

[Event "Moscow-ch"]
[Site "Moscow"]
[Date "2012.03.12"]
[Round "3"]
[White "Korotylev, Alexey"]
[Black "Tilicheev, Viacheslav"]
[Result "1-0"]
[WhiteElo "2574"]
[BlackElo "2366"]
[PlyCount "52"]
[EventDate "2012.03.10"]
[EventType "swiss"]
[EventRounds "9"]
[EventCountry "RUS"]
[SourceTitle "CBM 147 Extra"]
[Source "ChessBase"]
[SourceDate "2012.04.24"]
[SourceVersion "1"]
[SourceVersionDate "2012.04.24"]
[SourceQuality "1"]

1. d4 Nf6 2. c4 g6 3. Nc3 d5 4. Bf4 Bg7 5. e3 c5 6. dxc5 0-0 7. Nf3 Qa5 8. Rc1 Ne4 9. Be5 Nxc3 10. Bxc3 Bxc3+ 11. Rxc3 Qxa2 12. Qc1 Qa5 13. cxd5 Nd7 14. Nd2 Rd8 15. Be2 f5 16. f3 Nf6 17. e4 fxe4 18. fxe4 Bg4 19. Bxg4 Nxg4 20. 0-0 Rac8 21. Nf3 Qb4 22. h3 Nf6 23. Rc4 Qb3 24. Nd4 Qd3 25. Ne6 Nxe4 26. Qh6 Ra8 1-0

[Event "Moscow-ch"]
[Site "Moscow"]
[Date "2012.03.10"]
[Round "1"]
[White "Gordievsky, Dmitry"]
[Black "Korotylev, Alexey"]
[Result "1/2-1/2"]
[WhiteElo "2397"]
[BlackElo "2574"]
[PlyCount "208"]
[EventDate "2012.03.10"]
[EventType "swiss"]
[EventRounds "9"]
[EventCountry "RUS"]
[SourceTitle "CBM 147 Extra"]
[Source "ChessBase"]
[SourceDate "2012.04.24"]
[SourceVersion "1"]
[SourceVersionDate "2012.04.24"]
[SourceQuality "1"]

1. d4 Nf6 2. c4 e6 3. Nc3 Bb4 4. Qc2 0-0 5. a3 Bxc3+ 6. Qxc3 d6 7. Nf3 b6 8. e3 Bb7 9. Be2 Nbd7 10. 0-0 Ne4 11. Qc2 f5 12. b4 Rf6 13. d5 Rg6 14. Nd4 Qg5 15. g3 Ne5 16. Nf3 Qh6 17. Nxe5 dxe5 18. Bb2 Qh3 19. Bxe5 Rh6 20. g4 Ng5 21. Bg3 fxg4 22. Qd1 Rh4 23. f4 gxf3 24. Bxf3 Rxc4 25. e4 exd5 26. Bg2 Qd7 27. exd5 Ne4 28. Qd3 Qxd5 29. Bxe4 Qxe4 30. Qxe4 Bxe4 31. Rac1 Rxc1 32. Rxc1 c6 33. Rd1 Bf5 34. Rc1 Rc8 35. Bf2 Kf7 36. a4 Rd8 37. a5 bxa5 38. bxa5 Rd5 39. Bxa7 Rxa5 40. Bb6 Ra2 41. Rxc6 g5 42. Rc1 Be4 43. Bc7 h5 44. Re1 Ra4 45. Re2 h4 46. Kf2 Kg6 47. Rb2 Kh5 48. Bd6 Ra6 49. Be5 Kg4 50. Ke3 Bc6 51. Rb1 Ra3+ 52. Kd4 Kh3 53. Rc1 Bf3 54. Rc2 g4 55. Rc8 Ra4+ 56. Kc3 Re4 57. Bb8 Ra4 58. Be5 Ra5 59. Bd6 Ra6 60. Be5 Re6 61. Bf4 g3 62. hxg3 hxg3 63. Bxg3 Kxg3 64. Rd8 Kf4 65. Rd4+ Be4 66. Rc4 Ke3 67. Rc5 Rb6 68. Rc4 Bd5 69. Rc5 Ke4 70. Rc7 Rb3+ 71. Kd2 Kd4 72. Rc2 Rh3 73. Rb2 Bb3 74. Ke1 Rh1+ 75. Kd2 Bc4 76. Rc2 Bd3 77. Rb2 Rh3 78. Rb4+ Kc5 79. Rf4 Kd5 80. Rf2 Kd4 81. Rf4+ Be4 82. Rf2 Ra3 83. Re2 Bf3 84. Rf2 Rb3 85. Kc2 Re3 86. Rd2+ Kc4 87. Rf2 Be4+ 88. Kd2 Kd4 89. Re2 Rh3 90. Rf2 Bf3 91. Kc1 Ke3 92. Rc2 Be4 93. Rc3+ Bd3 94. Kb2 Rh1 95. Ka3 Kd4 96. Kb4 Rh8 97. Rb3 Bc2 98. Rb2 Rc8 99. Ka5 Bd3 100. Kb4 Ra8 101. Rb3 Ra4+ 102. Kxa4 Bc2 103. Kb4 Bxb3 104. Kxb3 Ke5 1/2-1/2

[Event "Moscow op-A"]
[Site "Moscow"]
[Date "2012.02.05"]
[Round "9"]
[White "Naumkin, Igor"]
[Black "Korotylev, Alexey"]
[Result "0-1"]
[WhiteElo "2443"]
[BlackElo "2580"]
[PlyCount "86"]
[EventDate "2012.01.28"]
[EventType "swiss"]
[EventRounds "9"]
[EventCountry "RUS"]
[SourceTitle "CBM 146 Extra"]
[Source "ChessBase"]
[SourceDate "2012.02.29"]
[SourceVersion "1"]
[SourceVersionDate "2012.02.29"]
[SourceQuality "1"]

1. d4 Nf6 2. Nf3 e6 3. c4 b6 4. g3 Bb7 5. Bg2 Be7 6. Nc3 0-0 7. Qc2 c5 8. d5 exd5 9. Ng5 h6 10. Nh3 Na6 11. cxd5 d6 12. 0-0 Nc7 13. e4 Nd7 14. f4 b5 15. g4 b4 16. Ne2 Nb5 17. Be3 Bf6 18. Rad1 Qb6 19. Kh1 Rfe8 20. Ng3 Nd4 21. Qd2 a5 22. Nh5 Rac8 23. g5 hxg5 24. Nxf6+ Nxf6 25. Nxg5 Ng4 26. Bg1 f6 27. Nh3 f5 28. Rfe1 fxe4 29. Ng5 Bxd5 30. Nxe4 Qc6 31. Bxd4 Bxe4 32. Rxe4 Rxe4 33. h3 Rxd4 34. Bxc6 Rxd2 35. Rxd2 Nf2+ 36. Kg2 Rxc6 37. Kxf2 c4 38. Ke3 Kf7 39. Kd4 Ke6 40. Re2+ Kf5 41. Kd5 Rc8 42. Kxd6 c3 43. bxc3 bxc3 0-1